[Event "18th ECC w 2013"]
[Site "Rhodes GRE"]
[Date "2013.10.20"]
[Round "1.1"]
[White "Hou, Yifan"]
[Black "Bojkovic, Natasa"]
[Result "1-0"]
[WhiteTitle "GM"]
[BlackTitle "IM"]
[WhiteElo "2621"]
[BlackElo "2414"]
[WhiteTeam "Cercle d'Echecs de Monte-Carlo"]
[BlackTeam "Chess Club BAS"]
[WhiteFideId "8602980"]
[BlackFideId "908550"]
[EventDate "2013.10.20"]

1. e4 c5 2. Nf3 e6 3. d4 cxd4 4. Nxd4 a6 5. Be2 Nf6 6. Nc3 Qc7 7. O-O Bb4 8. Qd3
Nc6 9. Bg5 Bxc3 10. bxc3 Qe5 11. Bxf6 Qxf6 12. f4 d5 13. Bf3 Nxd4 14. cxd4 dxe4
15. Bxe4 g6 16. Rab1 Qe7 17. c4 O-O 18. c5 Rd8 19. Qe3 a5 20. Bf3 Rd7 21. Rfc1
Ra6 22. Be2 Ra8 23. Rb6 Qd8 24. Rd1 a4 25. h3 a3 26. Rb4 Qc7 27. Rdb1 Qd8 28.
Bf3 Ra7 29. R1b3 h5 30. Qe5 Ra6 31. Bxb7 f6 1-0

[Event "18th ECC w 2013"]
[Site "Rhodes GRE"]
[Date "2013.10.20"]
[Round "1.1"]
[White "Gaponenko, Inna"]
[Black "Koneru, Humpy"]
[Result "0-1"]
[WhiteTitle "IM"]
[BlackTitle "GM"]
[WhiteElo "2400"]
[BlackElo "2607"]
[WhiteTeam "Chess Club BAS"]
[BlackTeam "Cercle d'Echecs de Monte-Carlo"]
[WhiteFideId "14101181"]
[BlackFideId "5008123"]
[EventDate "2013.10.20"]

1. e4 c5 2. Nf3 e6 3. c3 d5 4. exd5 Qxd5 5. d4 Nf6 6. Na3 Qd8 7. Nc4 Be7 8. Bd3
Nbd7 9. Bf4 O-O 10. O-O Nd5 11. Bg3 N7f6 12. dxc5 Bxc5 13. Qc2 h6 14. Rad1 b5
15. Nce5 Qe8 16. a3 Bb7 17. Qb3 Ba6 18. Rfe1 Nh5 19. Be4 Nhf6 20. Bd3 Rc8 21.
Bf1 Nb6 22. Nd4 Nc4 23. Nxb5 Bxb5 24. Bxc4 Ba4 25. Qb7 Bxd1 26. Rxd1 Qe7 27. Qf3
Rfd8 28. Bd3 Qe8 29. Re1 Be7 30. h3 Rd5 31. c4 Rd4 32. Bf4 Nd7 33. Bf1 Bd6 34.
Bg3 Nxe5 35. Bxe5 Bxe5 36. Rxe5 Qa4 37. Re1 Rd2 38. Qb7 Rcd8 39. b4 Qxa3 40. c5
R2d7 41. Qb5 Rd4 42. c6 Qc3 43. Re3 Qxb4 44. Qa6 Qc5 45. Qb7 Rd1 46. c7 Rf8 47.
Ra3 Qc4 0-1

[Event "18th ECC w 2013"]
[Site "Rhodes GRE"]
[Date "2013.10.20"]
[Round "1.1"]
[White "Muzychuk, Anna"]
[Black "Chelushkina, Irina"]
[Result "1-0"]
[WhiteTitle "GM"]
[BlackTitle "WGM"]
[WhiteElo "2560"]
[BlackElo "2280"]
[WhiteTeam "Cercle d'Echecs de Monte-Carlo"]
[BlackTeam "Chess Club BAS"]
[WhiteFideId "14111330"]
[BlackFideId "928615"]
[EventDate "2013.10.20"]

1. e4 e6 2. d4 d5 3. Nc3 Nf6 4. Bg5 Be7 5. e5 Nfd7 6. h4 a6 7. Qg4 f6 8. Qh5+ g6
9. exf6 Nxf6 10. Qe2 Nc6 11. O-O-O Nh5 12. Nf3 Qd6 13. g3 Bd7 14. Bh3 O-O-O 15.
Rhe1 Rde8 16. Bg4 Ng7 17. Bf4 Qb4 18. Ne5 Bd6 19. Nxd5 Qa5 20. Nxd7 Qxd5 21.
Bxd6 Qxd6 22. Nf6 Nxd4 23. Qe4 Rd8 24. c3 Qf8 25. Nxh7 Qxf2 26. cxd4 Rxh7 27.
Qxg6 Rdh8 28. Re2 Qf8 29. d5 Rh6 30. Qg5 Kb8 31. dxe6 Qe8 32. Qxg7 Rg6 33. Qd4 1-0

[Event "18th ECC w 2013"]
[Site "Rhodes GRE"]
[Date "2013.10.20"]
[Round "1.1"]
[White "Drljevic, Ljilja"]
[Black "Cramling, Pia"]
[Result "0-1"]
[WhiteTitle "WIM"]
[BlackTitle "GM"]
[WhiteElo "2183"]
[BlackElo "2515"]
[WhiteTeam "Chess Club BAS"]
[BlackTeam "Cercle d'Echecs de Monte-Carlo"]
[WhiteFideId "928879"]
[BlackFideId "1700030"]
[EventDate "2013.10.20"]

1. e4 c5 2. Nf3 Nc6 3. d3 g6 4. g3 Bg7 5. Bg2 e5 6. O-O Nge7 7. Be3 d6 8. c3 O-O
9. a3 h6 10. b4 b6 11. Nh4 Bb7 12. Ra2 Qd7 13. a4 cxb4 14. d4 bxc3 15. dxe5 Nb4
16. Ra3 c2 17. Qd2 cxb1=Q 18. Rxb1 a5 19. exd6 Nc8 20. Rd1 Rd8 21. Bf4 Nxd6 22.
Bxd6 Be5 23. Bxb4 axb4 24. Ra2 b3 25. Rb2 Qxd2 26. Rbxd2 Rxd2 27. Rxd2 b2 0-1

[Event "18th ECC w 2013"]
[Site "Rhodes GRE"]
[Date "2013.10.20"]
[Round "1.2"]
[White "Zhukova, Natalia"]
[Black "Gunina, Valentina"]
[Result "1-0"]
[WhiteTitle "GM"]
[BlackTitle "GM"]
[WhiteElo "2456"]
[BlackElo "2506"]
[WhiteTeam "Jelica PEP"]
[BlackTeam "SHSM Nashe Nasledie"]
[WhiteFideId "14101513"]
[BlackFideId "4167570"]
[EventDate "2013.10.20"]

1. d4 d5 2. c4 c6 3. cxd5 cxd5 4. Bf4 Nc6 5. e3 Nf6 6. Nc3 e6 7. Bd3 Be7 8. h3
O-O 9. Nf3 Bd6 10. Bxd6 Qxd6 11. O-O Bd7 12. Rc1 Rac8 13. Qe2 g6 14. Rfd1 Rfe8
15. Bb5 Ne7 16. Ne5 Bxb5 17. Nxb5 Qb6 18. Nc3 Kg7 19. g4 h6 20. h4 h5 21. g5
Nfg8 22. Na4 Qa5 23. Nc5 Nf5 24. Nxb7 Qb6 25. Nc5 Nxh4 26. Rc3 Ne7 27. Rdc1 Nhf5
28. Rb3 Qd8 29. Rb7 a5 30. Rc3 a4 31. Qa6 Ra8 32. Nxe6+ fxe6 33. Qxe6 Qd6 34.
Qf7+ Kh8 35. Rc6 Qxc6 36. Nxc6 Rf8 37. Qe6 Nxc6 38. Qxc6 Rac8 39. Qxg6 1-0

[Event "18th ECC w 2013"]
[Site "Rhodes GRE"]
[Date "2013.10.20"]
[Round "1.2"]
[White "Rakic, Marija"]
[Black "Girya, Olga"]
[Result "1/2-1/2"]
[WhiteTitle "WIM"]
[BlackTitle "WGM"]
[WhiteElo "2296"]
[BlackElo "2439"]
[WhiteTeam "Jelica PEP"]
[BlackTeam "SHSM Nashe Nasledie"]
[WhiteFideId "936286"]
[BlackFideId "4195752"]
[EventDate "2013.10.20"]

1. d4 d5 2. c4 c6 3. cxd5 cxd5 4. Nc3 Nf6 5. Bf4 Nc6 6. e3 Bf5 7. Nf3 e6 8. Rc1
Rc8 9. Bb5 Nd7 10. Ne5 Ndxe5 11. Bxe5 a6 12. Bxc6+ Rxc6 13. O-O f6 14. Bg3 Be7
15. Na4 Qd7 16. Qb3 O-O 17. Nb6 Qe8 18. f3 Bg6 19. a3 Kh8 20. Rc3 Bd8 21. Nc8
Rxc3 22. Qxc3 Ba5 23. Qxa5 Qxc8 24. Bc7 Be8 25. Rc1 Bc6 26. b4 Qd7 27. Bf4 Re8
28. Qc7 Qxc7 29. Bxc7 Rc8 30. Bd6 Bd7 31. Rxc8+ Bxc8 32. a4 Bd7 33. a5 Kg8 34.
Kf2 Kf7 35. Ke2 Bb5+ 36. Kd2 h5 37. e4 Bc4 38. Ke3 Bb5 39. g3 Bc4 40. h4 Bb5 41.
Kf4 Bd3 1/2-1/2

[Event "18th ECC w 2013"]
[Site "Rhodes GRE"]
[Date "2013.10.20"]
[Round "1.2"]
[White "Savina, Anastasia"]
[Black "Eric, Jovana"]
[Result "1-0"]
[WhiteTitle "IM"]
[BlackTitle "WIM"]
[WhiteElo "2403"]
[BlackElo "2218"]
[WhiteTeam "SHSM Nashe Nasledie"]
[BlackTeam "Jelica PEP"]
[WhiteFideId "4196872"]
[BlackFideId "938238"]
[EventDate "2013.10.20"]

1. d4 d5 2. c4 e6 3. Nc3 Nf6 4. cxd5 exd5 5. Bg5 c6 6. e3 Be7 7. Bd3 Nbd7 8. Qc2
Nh5 9. Bxe7 Qxe7 10. Nge2 g6 11. O-O-O Nb6 12. Kb1 Be6 13. Ka1 O-O-O 14. Na4
Nxa4 15. Qxa4 Kb8 16. Rc1 Nf6 17. Rc3 Rd6 18. Ra3 b6 19. Rc1 Rc8 20. f3 Qd7 21.
e4 dxe4 22. fxe4 Ng8 23. d5 cxd5 24. Rxc8+ Kxc8 25. Bb5 Qe7 26. e5 Rd8 27. Nd4
Rd7 28. Qa6+ Rb7 29. Rc3+ 1-0

[Event "18th ECC w 2013"]
[Site "Rhodes GRE"]
[Date "2013.10.20"]
[Round "1.3"]
[White "Harika, Dronavalli"]
[Black "Daulyte, Deimante"]
[Result "1/2-1/2"]
[WhiteTitle "GM"]
[BlackTitle "WGM"]
[WhiteElo "2475"]
[BlackElo "2364"]
[WhiteTeam "Mika Chess Club"]
[BlackTeam "MRU - Vilniaus Fortas"]
[WhiteFideId "5015197"]
[BlackFideId "12802859"]
[EventDate "2013.10.20"]

1. c4 Nf6 2. Nf3 c5 3. g3 g6 4. Bg2 Bg7 5. Nc3 Nc6 6. O-O O-O 7. d4 cxd4 8. Nxd4
Qa5 9. e3 d6 10. Nce2 Bd7 11. Bd2 Qh5 12. Nf4 Qc5 13. Nxc6 Bxc6 14. Rc1 Bxg2 15.
Kxg2 Ne4 16. Nd5 Rfe8 17. Bb4 Qc6 18. f3 Nf6 19. Bc3 Nxd5 20. cxd5 Qb6 21. Bxg7
Kxg7 22. Qd2 Rec8 23. e4 a5 24. Rc3 a4 25. Rfc1 Rxc3 26. Qxc3+ Kg8 27. Rc2 Ra5
28. Qc8+ Kg7 29. Qc3+ f6 30. Qc7 Qxc7 31. Rxc7 Rb5 32. Rxe7+ Kf8 33. Rxh7 Rxb2+
34. Kh3 a3 35. Rh8+ Ke7 36. Ra8 Rxa2 37. Ra7 Kd8 38. Rxb7 Rf2 39. Ra7 Rxf3 40.
Kg4 Rf2 41. Rxa3 Rxh2 42. Ra6 Ke7 43. Ra7+ Ke8 44. Rg7 Rh1 45. Kf3 g5 46. Kg4
Rf1 47. Kh5 Re1 48. Kg6 Rxe4 49. Kxf6 g4 50. Rg5 Kf8 51. Kf5 Re1 52. Kg6 Re4 53.
Kf6 Ke8 54. Kf5 Re1 55. Kxg4 Kf7 56. Kf5 Rf1+ 57. Ke4 Kf6 58. Rh5 Re1+ 59. Kf3
Rf1+ 60. Ke3 Re1+ 61. Kf2 Rd1 62. g4 Rd3 63. Kg2 Kg6 64. Rf5 Ra3 65. Kf2 Rd3 66.
Ke2 Ra3 67. Rf8 Ra5 68. Rf5 Ra3 69. Rf4 Kg5 70. Re4 Rg3 71. Re6 Rxg4 72. Rxd6
Kf5 73. Rd8 Ke5 74. d6 Rd4 1/2-1/2

[Event "18th ECC w 2013"]
[Site "Rhodes GRE"]
[Date "2013.10.20"]
[Round "1.3"]
[White "Zaksaite, Salomeja"]
[Black "Mkrtchian, Lilit"]
[Result "1/2-1/2"]
[WhiteTitle "WIM"]
[BlackTitle "IM"]
[WhiteElo "2184"]
[BlackElo "2469"]
[WhiteTeam "MRU - Vilniaus Fortas"]
[BlackTeam "Mika Chess Club"]
[WhiteFideId "12801496"]
[BlackFideId "13300601"]
[EventDate "2013.10.20"]

1. e4 e6 2. d4 d5 3. Nc3 Bb4 4. e5 c5 5. Bd2 Ne7 6. a3 Bxc3 7. Bxc3 Nbc6 8. Nf3
cxd4 9. Nxd4 Nxe5 10. Nxe6 Bxe6 11. Bxe5 O-O 12. Bd3 Nc6 13. Bg3 Qf6 14. Rb1 Bf5
15. O-O Rfe8 16. Bxf5 Qxf5 17. Qd2 d4 18. Rfe1 h5 19. f3 Rad8 20. Bh4 Rc8 21.
Bf2 a6 22. Rbd1 Qf6 23. Qd3 Rxe1+ 24. Rxe1 Qg5 25. h4 Qf6 26. Re4 Rd8 27. Bg3
Rc8 28. Bf2 Rd8 29. Bg3 Rc8 1/2-1/2

[Event "18th ECC w 2013"]
[Site "Rhodes GRE"]
[Date "2013.10.20"]
[Round "1.3"]
[White "Danielian, Elina"]
[Black "Batkovskyte, Dominyka"]
[Result "1-0"]
[WhiteTitle "GM"]
[WhiteElo "2471"]
[BlackElo "2082"]
[WhiteTeam "Mika Chess Club"]
[BlackTeam "MRU - Vilniaus Fortas"]
[WhiteFideId "13300210"]
[BlackFideId "12803243"]
[EventDate "2013.10.20"]

1. d4 Nf6 2. Nf3 g6 3. Bg5 d5 4. e3 Bg7 5. Nbd2 O-O 6. c3 c5 7. dxc5 Nc6 8. Be2
h6 9. Bh4 g5 10. Bg3 Nh5 11. Qc2 Nxg3 12. hxg3 Re8 13. Rd1 Qc7 14. Nb3 Ne5 15.
Rxd5 Nxf3+ 16. Bxf3 Be6 17. Rd1 Bxb3 18. Qxb3 Qxc5 19. Rd7 Rad8 20. Rxb7 Qd6 21.
O-O Rb8 22. Rd1 Qe5 23. Bh5 Rf8 24. Rxb8 Rxb8 25. Qxf7+ Kh8 26. Rd5 Qf6 27. Qxf6
Bxf6 28. Rd2 Kg7 29. Bf3 a5 30. a4 Rb6 31. Kf1 Be5 32. Ke2 Kf6 33. g4 Ke6 34.
Bd5+ Kd6 35. g3 Kc7 36. f4 Bd6 37. Kf3 Rb8 38. Bc4 Rc8 39. b3 Ba3 40. Rd5 Bb2
41. Rxa5 Bxc3 42. Ra7+ Kd6 43. e4 Rc7 44. e5+ Kd7 45. Ra6 1-0

[Event "18th ECC w 2013"]
[Site "Rhodes GRE"]
[Date "2013.10.20"]
[Round "1.4"]
[White "Zimina, Olga"]
[Black "Lagno, Kateryna"]
[Result "0-1"]
[WhiteTitle "IM"]
[BlackTitle "GM"]
[WhiteElo "2337"]
[BlackElo "2534"]
[WhiteTeam "Fischer Chieti"]
[BlackTeam "CS Politechnica-Antibiotice Iasi"]
[WhiteFideId "4132190"]
[BlackFideId "14109336"]
[EventDate "2013.10.20"]

1. Nf3 d5 2. c4 c6 3. g3 Bg4 4. Bg2 e6 5. O-O Nf6 6. b3 Nbd7 7. Bb2 Bd6 8. d3
O-O 9. Nbd2 a5 10. a3 e5 11. h3 Bh5 12. Qc2 Re8 13. e4 dxe4 14. dxe4 Bc5 15. Bc3
Qb6 16. Qb2 Bxf3 17. Bxf3 Bd4 18. b4 c5 19. Rab1 Bxc3 20. Qxc3 axb4 21. axb4 Qc7
22. Bg2 cxb4 23. Rxb4 Nc5 24. Rfb1 Ra2 25. Qe3 Rd8 26. Rb5 b6 27. Nf1 Rd6 28. g4
g6 29. Ng3 Nfd7 30. R5b2 Rxb2 31. Rxb2 Nd3 32. Rd2 Qxc4 33. Bf1 N7c5 34. h4 b5
35. h5 b4 36. h6 b3 37. Bxd3 Nxd3 38. Qa7 Qc8 39. Qe7 Qd8 40. Qxd8+ Rxd8 41. Ne2
f6 42. Nc3 Rd4 43. f3 Nc5 44. Nb1 Rxd2 45. Nxd2 b2 46. Kf2 Nb3 47. Nb1 g5 0-1

[Event "18th ECC w 2013"]
[Site "Rhodes GRE"]
[Date "2013.10.20"]
[Round "1.4"]
[White "Cmilyte, Viktorija"]
[Black "Brunello, Marina"]
[Result "1-0"]
[WhiteTitle "GM"]
[BlackTitle "WIM"]
[WhiteElo "2505"]
[BlackElo "2263"]
[WhiteTeam "CS Politechnica-Antibiotice Iasi"]
[BlackTeam "Fischer Chieti"]
[WhiteFideId "12801259"]
[BlackFideId "822590"]
[EventDate "2013.10.20"]

1. c4 c6 2. Nf3 Nf6 3. b3 d5 4. Bb2 e6 5. e3 Nbd7 6. d4 Bd6 7. Nbd2 O-O 8. Bd3
c5 9. O-O cxd4 10. exd4 b6 11. Ne5 Bb7 12. Qe2 Rc8 13. f4 Qc7 14. Rac1 Qb8 15.
Ndf3 h6 16. Qf2 Qa8 17. Rce1 Ne4 18. Bxe4 dxe4 19. Nxd7 exf3 20. d5 exd5 21. Qg3
f6 22. gxf3 Rf7 23. Nxf6+ Kf8 24. Nh5 Bc5+ 25. Kg2 d4 26. b4 Bxb4 27. Bxd4 Rcc7
28. Rb1 Bd6 29. Qg6 Qd8 30. Qh7 Rxc4 31. Rbe1 Rc2+ 32. Qxc2 1-0

[Event "18th ECC w 2013"]
[Site "Rhodes GRE"]
[Date "2013.10.20"]
[Round "1.4"]
[White "Gueci, Tea"]
[Black "Bulmaga, Irina"]
[Result "1/2-1/2"]
[BlackTitle "IM"]
[WhiteElo "2054"]
[BlackElo "2401"]
[WhiteTeam "Fischer Chieti"]
[BlackTeam "CS Politechnica-Antibiotice Iasi"]
[WhiteFideId "872342"]
[BlackFideId "13903063"]
[EventDate "2013.10.20"]

1. e4 c5 2. Nf3 d6 3. d4 cxd4 4. Nxd4 Nf6 5. Nc3 a6 6. f3 e5 7. Nb3 Be6 8. Be3
Nbd7 9. Qd2 b5 10. O-O-O Qc7 11. g4 h6 12. Kb1 Nb6 13. Qf2 Nc4 14. Bxc4 bxc4 15.
Nc1 Rb8 16. N1e2 Qa5 17. Ka1 d5 18. exd5 Nxd5 19. Nxd5 Bxd5 20. Bb6 Rxb6 21.
Rxd5 Rb5 22. Rxb5 axb5 23. Qe3 Bd6 24. Rd1 O-O 25. Nc3 Qa6 26. Nxb5 Qxb5 27.
Rxd6 c3 28. bxc3 Qa5 29. Rb6 Ra8 30. Rb2 Rd8 31. Rb3 Qd5 32. Kb2 g6 33. Qe2 Ra8
34. Qe4 Qa5 35. a3 Kh7 36. h4 Kg7 37. Qb4 Qd5 38. c4 Qd4+ 39. Qc3 Kf6 40. c5 Ra4
41. Qxd4 Rxd4 42. Rc3 Ke7 43. Kb3 Rf4 44. Re3 Kd7 45. c4 f6 46. Kb4 Kc6 47. Rd3
h5 48. gxh5 gxh5 49. a4 Kc7 50. Kb5 Rxh4 51. Rd6 Rh1 52. Rxf6 Rb1+ 53. Ka5 Rf1
54. Re6 Re1 55. f4 e4 56. f5 h4 57. f6 h3 58. f7 Rf1 59. Rxe4 Rxf7 60. Rh4 Kc6
61. Kb4 Rb7+ 62. Kc3 Ra7 63. Rxh3 Rxa4 64. Kd4 Ra1 65. Rh6+ Kc7 66. c6 Ra5 67.
Rf6 Rh5 1/2-1/2

[Event "18th ECC w 2013"]
[Site "Rhodes GRE"]
[Date "2013.10.20"]
[Round "1.4"]
[White "L'Ami, Alina"]
[Black "Di Primio, Eugenia"]
[Result "1-0"]
[WhiteTitle "WGM"]
[WhiteElo "2362"]
[BlackElo "1982"]
[WhiteTeam "CS Politechnica-Antibiotice Iasi"]
[BlackTeam "Fischer Chieti"]
[WhiteFideId "1210246"]
[BlackFideId "821942"]
[EventDate "2013.10.20"]

1. d4 f5 2. Nc3 Nf6 3. Bg5 d5 4. e3 g6 5. h4 h6 6. Bf4 Bg7 7. Nf3 Be6 8. Ne5 Bf7
9. g4 c6 10. gxf5 gxf5 11. Rg1 Rg8 12. Be2 Nbd7 13. Nxf7 Kxf7 14. Bh5+ Nxh5 15.
Qxh5+ Ke6 16. O-O-O Nf6 17. Rg6 Bf8 18. Rdg1 Qe8 19. Be5 Rxg6 20. Rxg6 Qf7 21.
Ne2 Kd7 22. Qxf5+ Qe6 23. Qf3 Qf7 24. h5 Bg7 25. Qh3+ e6 26. Nf4 Rg8 27. Qg2 1-0

[Event "18th ECC w 2013"]
[Site "Rhodes GRE"]
[Date "2013.10.20"]
[Round "1.5"]
[White "Kovanova, Baira"]
[Black "Jacimovic, Sara"]
[Result "1-0"]
[WhiteTitle "WGM"]
[WhiteElo "2396"]
[BlackElo "2000"]
[WhiteTeam "Ugra"]
[BlackTeam "Rudar Prijedor"]
[WhiteFideId "4164083"]
[BlackFideId "14403668"]
[EventDate "2013.10.20"]

1. e4 e5 2. Nf3 Nc6 3. Bb5 a6 4. Ba4 Nf6 5. O-O Be7 6. Re1 b5 7. Bb3 d6 8. c3
O-O 9. d4 Bg4 10. d5 Nb8 11. h3 Bxf3 12. Qxf3 Nbd7 13. Nd2 Re8 14. Nf1 Bf8 15.
Be3 Rb8 16. Bc2 Nb6 17. Bg5 Be7 18. Bc1 Nfd7 19. Ne3 Bg5 20. b3 Nc5 21. Qg4 Qf6
22. Qe2 Qd8 23. Bd2 Qd7 24. a4 Ra8 25. a5 Nc8 26. b4 Nb7 27. c4 c5 28. dxc6 Qxc6
29. cxb5 axb5 30. Bd3 Na7 31. Nd5 Bxd2 32. Qxd2 Rab8 33. Rac1 Qd7 34. Rc7 Qe6
35. a6 1-0

[Event "18th ECC w 2013"]
[Site "Rhodes GRE"]
[Date "2013.10.20"]
[Round "1.5"]
[White "Plivcevic, Ivana"]
[Black "Shadrina, Tatiana"]
[Result "0-1"]
[BlackTitle "WGM"]
[WhiteElo "1881"]
[BlackElo "2364"]
[WhiteTeam "Rudar Prijedor"]
[BlackTeam "Ugra"]
[WhiteFideId "14402882"]
[BlackFideId "4119118"]
[EventDate "2013.10.20"]

1. c4 Nf6 2. Nf3 e6 3. g3 d5 4. b3 d4 5. Bb2 c5 6. d3 Nc6 7. Bg2 Bd6 8. O-O O-O
9. e3 e5 10. Nbd2 Bg4 11. Ne4 Nxe4 12. dxe4 f5 13. Qb1 f4 14. exd4 exd4 15. Bc1
Bxf3 16. Bxf3 Ne5 17. Bh1 f3 18. Bf4 Rxf4 19. gxf4 Qh4 20. h3 Qxf4 21. Qc1 Qh2+
22. Kxh2 Ng4+ 0-1

[Event "18th ECC w 2013"]
[Site "Rhodes GRE"]
[Date "2013.10.21"]
[Round "2.1"]
[White "Harika, Dronavalli"]
[Black "Hou, Yifan"]
[Result "1/2-1/2"]
[WhiteTitle "GM"]
[BlackTitle "GM"]
[WhiteElo "2475"]
[BlackElo "2621"]
[WhiteTeam "Mika Chess Club"]
[BlackTeam "Cercle d'Echecs de Monte-Carlo"]
[WhiteFideId "5015197"]
[BlackFideId "8602980"]
[EventDate "2013.10.20"]

1. c4 e6 2. Nc3 d5 3. d4 Bb4 4. Nf3 Nf6 5. Bg5 h6 6. Bxf6 Qxf6 7. Qa4+ Nc6 8. e3
O-O 9. Be2 Bd7 10. Qc2 dxc4 11. O-O Bd6 12. Bxc4 e5 13. Nd5 Qd8 14. dxe5 Nxe5
15. Nxe5 Bxe5 16. Rad1 c6 17. Nf4 Qc7 18. Ng6 Rfe8 19. Nxe5 Rxe5 20. Rd4 c5 21.
Rd2 Bc6 22. Rfd1 b5 23. Bd5 Rxd5 24. Rxd5 Bxd5 25. Rxd5 Rd8 26. e4 Rxd5 27. exd5
Qe5 28. Qd2 Kf8 29. d6 Ke8 30. d7+ Kd8 31. Qa5+ Kxd7 32. Qxb5+ Kc7 33. Qa5+ Kb7
34. Qb5+ Kc7 35. Qa5+ Kb7 36. Qb5+ Kc7 1/2-1/2

[Event "18th ECC w 2013"]
[Site "Rhodes GRE"]
[Date "2013.10.21"]
[Round "2.1"]
[White "Koneru, Humpy"]
[Black "Mkrtchian, Lilit"]
[Result "1/2-1/2"]
[WhiteTitle "GM"]
[BlackTitle "IM"]
[WhiteElo "2607"]
[BlackElo "2469"]
[WhiteTeam "Cercle d'Echecs de Monte-Carlo"]
[BlackTeam "Mika Chess Club"]
[WhiteFideId "5008123"]
[BlackFideId "13300601"]
[EventDate "2013.10.20"]

1. d4 d5 2. c4 e6 3. Nc3 Be7 4. Nf3 Nf6 5. Bg5 h6 6. Bxf6 Bxf6 7. e3 O-O 8. Qd2
c5 9. cxd5 cxd4 10. Nxd4 exd5 11. Bb5 Qd6 12. Rc1 Rd8 13. O-O Be5 14. f4 Bxd4
15. Qxd4 Nc6 16. Bxc6 bxc6 17. Na4 Re8 18. b3 Re4 19. Qd2 Bf5 20. Nc5 Re7 21.
Rc3 Rae8 22. Qd4 a5 23. h3 Qb8 24. Rd1 Qb4 25. Kf2 Bc8 26. Na4 Bb7 27. Qc5 Re4
28. a3 Qxc5 29. Nxc5 R4e7 30. Rd4 Ra8 31. Ra4 Bc8 32. Nd3 f6 33. Nb4 Bd7 34. Rc5
Rae8 35. Nc2 Bf5 36. Nd4 Bd7 37. Raxa5 Rxe3 38. Ra7 R3e4 39. Nxc6 Bxc6 40. Rxc6
Rxf4+ 41. Kg1 Rf5 42. Rc2 h5 43. Ra4 Re1+ 44. Kh2 Ra1 45. h4 d4 46. Rxd4 Rxa3
47. Rc7 Rxb3 48. Rd8+ Kh7 49. Rdd7 Rb8 50. Rxg7+ Kh8 51. Rh7+ Kg8 52. Rcg7+ Kf8
53. Rf7+ Kg8 54. Rhg7+ Kh8 55. Rg6 Rb4 56. Kh3 Rb3+ 57. g3 Rb2 58. Rgxf6 Rxf6
59. Rxf6 Kg7 60. Ra6 Rc2 61. Ra1 Kg6 62. Rg1 Ra2 63. Rg2 Rxg2 64. Kxg2 Kf5 65.
Kf3 Ke5 66. g4 hxg4+ 67. Kxg4 Kf6 68. Kh5 1/2-1/2

[Event "18th ECC w 2013"]
[Site "Rhodes GRE"]
[Date "2013.10.21"]
[Round "2.1"]
[White "Danielian, Elina"]
[Black "Muzychuk, Anna"]
[Result "0-1"]
[WhiteTitle "GM"]
[BlackTitle "GM"]
[WhiteElo "2471"]
[BlackElo "2560"]
[WhiteTeam "Mika Chess Club"]
[BlackTeam "Cercle d'Echecs de Monte-Carlo"]
[WhiteFideId "13300210"]
[BlackFideId "14111330"]
[EventDate "2013.10.20"]

1. d4 Nf6 2. Nf3 e6 3. e3 b6 4. Bd3 Bb7 5. O-O d5 6. b3 Bd6 7. Bb2 O-O 8. c4
Nbd7 9. Nbd2 Ne4 10. Qe2 Qe7 11. Rac1 Rac8 12. Rfd1 Rfd8 13. Nf1 Ba3 14. Bxa3
Qxa3 15. Ng3 h6 16. cxd5 exd5 17. Nf5 Re8 18. Rc2 h5 19. Rdc1 g6 20. Ng3 c6 21.
Bxe4 dxe4 22. Ng5 Qe7 23. h4 Nf6 24. Qc4 Qd7 25. b4 Re7 26. d5 cxd5 27. Qd4 Rxc2
28. Rxc2 Qd6 29. a4 Ne8 30. b5 Qe5 31. Qxe5 Rxe5 32. Ne2 Re7 33. Nd4 Rc7 34.
Rxc7 Nxc7 35. Kf1 a6 36. bxa6 Bxa6+ 37. Ke1 Bc8 38. a5 bxa5 39. Nc6 a4 40. Kd2
Kf8 41. Kc3 f6 42. Nh3 Bxh3 43. gxh3 Kf7 44. Kb4 Ne6 45. Kxa4 Nc5+ 46. Kb5 Nd3
47. Nd4 Nxf2 48. Kc5 Nxh3 49. Kxd5 Nf2 50. Ne6 f5 51. Ng5+ Kf6 52. Nh7+ Kg7 53.
Ng5 Ng4 54. Kd4 Nh2 55. Ne6+ Kf6 0-1

[Event "18th ECC w 2013"]
[Site "Rhodes GRE"]
[Date "2013.10.21"]
[Round "2.1"]
[White "Cramling, Pia"]
[Black "Javakhishvili, Lela"]
[Result "1/2-1/2"]
[WhiteTitle "GM"]
[BlackTitle "IM"]
[WhiteElo "2515"]
[BlackElo "2435"]
[WhiteTeam "Cercle d'Echecs de Monte-Carlo"]
[BlackTeam "Mika Chess Club"]
[WhiteFideId "1700030"]
[BlackFideId "13601458"]
[EventDate "2013.10.20"]

1. d4 d5 2. Nf3 Nf6 3. c4 c6 4. Nc3 dxc4 5. a4 e6 6. e3 c5 7. Bxc4 Nc6 8. O-O
cxd4 9. exd4 Be7 10. Qe2 O-O 11. Rd1 Nb4 12. Ne5 Bd7 13. a5 a6 14. Bg5 Rc8 15.
Bb3 Bc6 16. Nxc6 Rxc6 17. Ra4 Nbd5 18. Nxd5 exd5 19. Qf3 b5 20. axb6 Rxb6 21.
Bxf6 Bxf6 22. g3 Rd6 23. Kg2 g6 24. Qc3 Qd7 25. Ra5 Bd8 26. Raa1 Bf6 27. Ra5 Bd8
28. Ra3 Bf6 29. Qd3 Qb7 30. Rda1 Ra8 31. Ra5 Bd8 32. Rc5 Rb8 33. Ba2 Bb6 34. Rc2
Qa7 35. Rd1 Re8 36. Qa3 Red8 37. Rcd2 a5 38. Qf3 Qe7 39. Re2 Qd7 40. Re5 Kg7 41.
Qd3 Qa4 42. Bb3 Qb4 43. Qc3 Qb5 44. Qd3 Qxd3 45. Rxd3 R8d7 46. Ba4 Rb7 47. Bb3
Bxd4 48. Rxd4 Rxb3 49. Rdxd5 Rxd5 50. Rxd5 Rxb2 51. Rxa5 1/2-1/2

[Event "18th ECC w 2013"]
[Site "Rhodes GRE"]
[Date "2013.10.21"]
[Round "2.2"]
[White "Lagno, Kateryna"]
[Black "Ushenina, Anna"]
[Result "1/2-1/2"]
[WhiteTitle "GM"]
[BlackTitle "GM"]
[WhiteElo "2534"]
[BlackElo "2497"]
[WhiteTeam "CS Politechnica-Antibiotice Iasi"]
[BlackTeam "Ugra"]
[WhiteFideId "14109336"]
[BlackFideId "14110911"]
[EventDate "2013.10.20"]

1. d4 d5 2. c4 c6 3. cxd5 cxd5 4. Bf4 Nf6 5. Nc3 Nc6 6. e3 a6 7. Bd3 Bg4 8. Nge2
e6 9. O-O Be7 10. Rc1 O-O 11. Na4 Nd7 12. f3 Bh5 13. Qb3 Ra7 14. Bg3 Bg6 15. Nf4
Na5 16. Qc2 Bxd3 17. Nxd3 Nc4 18. Qe2 Bg5 19. Bf2 Ra8 20. b3 Nd6 21. Rc2 Qe7 22.
Rfc1 Rac8 23. Be1 e5 24. dxe5 Nxe5 25. Rxc8 Rxc8 26. Rxc8+ Nxc8 27. Bb4 Qe8 28.
Kf2 Nc6 29. Bc5 Qe6 30. e4 dxe4 31. Qxe4 Qd7 32. Nb6 Nxb6 33. Bxb6 h6 34. Be3
Bxe3+ 35. Qxe3 Qd8 36. Qe4 Qb6+ 37. Qe3 Qd8 38. Qe4 Qb6+ 39. Qe3 Qd8 40. Qe4
Qb6+ 1/2-1/2